000 00405nam a22001217a 4500
008 230626b xxu||||| |||| 00| 0 eng d
082 _a332.367
_bALI
100 _cInstitute for Development studies University of Nairobi
245 _aInformal and Formal Credit in Rural Kenya
_bOccasional Paper No.62
260 _bInstitute for Development studies University of Nairobi
300 _a88p
942 _2ddc
_cBK
999 _c2745
_d2745